000 00568cam a22001812 4500
001 0000009458
005 20151217160120.0
008 081028s xx 000 0 eng d
020 _a0333934393 :
_cKES 900
040 _aKABU
_cKABU
100 1 _aLaird, Elizabeth.
_@0000160914
245 1 4 _aThe Miracle child :
_ba story from Ethiopia /
_ctold by Elizabeth Laird with Abba Aregawi Wolde Gabriel.
260 _aOxford :
_bMacmillan Education,
_c1985.
300 _a32 p.
908 _a081028
950 _@1
999 _c14503
_d14503